| 000 | 00785pam a2200241 a 4500 | ||
|---|---|---|---|
| 001 | 1878258 | ||
| 005 | 20130212150620.0 | ||
| 008 | 830624s1984 nyua b 001 0 eng | ||
| 020 | _a0070571473 | ||
| 082 | 0 | 0 |
_a660.2 _222 _bSHR |
| 100 | 1 |
_aShreve, Randolph Norris, _d1885-1975. _932574 |
|
| 240 | 1 | 0 | _aChemical Process Industries |
| 245 | 1 | 0 |
_aShreve's Chemical process industries / _cRandolph Norris Shreve. |
| 250 |
_a5th ed. / _bGeorge T. Austin. |
||
| 260 |
_aNew York : _bMcGraw-Hill, _cc1984. |
||
| 300 |
_axiii, 859 p. : _bill. ; _c25 cm. |
||
| 504 | _aIncludes bibliographies and index. | ||
| 650 | 0 |
_aChemistry, Technical. _932575 |
|
| 650 | 0 |
_aChemical industry. _932576 |
|
| 653 |
_bChe _cFebruary2013 |
||
| 700 | 1 |
_aAustin, George T., _d1914- _932577 |
|
| 942 |
_2ddc _cBB |
||
| 999 |
_c17285 _d17257 |
||